000 00876nam a2200217 i 4500
001 101041
003 ES-MaACL
005 20231205173209.0
007 t|
008 051011s1943 sp ||||1| spa d
100 1 _aMaura Gamazo, Gabriel,
_cDuque de Maura,
_d1879-1963
_979221
245 1 0 _aFantasías y realidades del viaje a Madrid de la condesa D'Aulnoy /
_ccriticado históricamente por el Duque de Maura y Agustín González Amezúa.
260 _aMadrid :
_bSaturnino Calleja,
_c[1943?]
300 _aXXI, 368 p., 15 lám. ;
_c20 cm.
600 0 4 _aAulnoy, Marie-Catherine Le Jumel de Barnreville
_cBaronne d'.
_923913
651 4 _aEspaña-
_xUsos y costumbres-
_yS.XVII.
_98524
651 4 _aEspaña-
_xHistoria-
_y1665-1700, Carlos II.
_98236
700 1 _aAmezúa y Mayo, Agustín G. de,
_d1881-1956
_921219
852 _aES-MaACL
_jB-3346
999 _c101041
_d101041